Krabicové nápojové obaly
Krabicové nápojové obaly tvarované z papiera, PE (PP) a hliníkovej fólie predstavujú progresívnu alternatívu kovových, plastových (PET) a klasických sklenených fliaš. Sú ideálne predovšetkým pre mliečne produkty, ovocné šťavy a víno. Účinnosť týchto obalov spočíva v sendvičovej štruktúre zušľachtené...
Salvato in:
| Autore principale: | |
|---|---|
| Natura: | Capitolo di libro |
| Lingua: | ceco |
| Soggetti: | |
| Tags: |
Nessun Tag, puoi essere il primo ad aggiungerne!!
|
MARC
| LEADER | 00000naa$a2200000$$$4500 | ||
|---|---|---|---|
| 001 | 0104521 | ||
| 005 | 20231129095209.3 | ||
| 041 | 0 | |a cze | |
| 044 | |a CZ | ||
| 245 | 1 | 0 | |a Krabicové nápojové obaly |c Miloslav Vítek |
| 520 | |a Krabicové nápojové obaly tvarované z papiera, PE (PP) a hliníkovej fólie predstavujú progresívnu alternatívu kovových, plastových (PET) a klasických sklenených fliaš. Sú ideálne predovšetkým pre mliečne produkty, ovocné šťavy a víno. Účinnosť týchto obalov spočíva v sendvičovej štruktúre zušľachteného kartónu, kde každá vrstva použitého materiálu plní svoju úlohu a ich optimálnou kombináciou sa minimalizuje celková hmotnosť a objem obalov pri zachovaní formy a funkčnosti. Hostória vzniku krabicových obalov. Technológia výroby kartónových nápojových obalov. Zhodnocovanie odpadu nápojových obalov. | ||
| 610 | 2 | 0 | |a obaly |
| 610 | 2 | 0 | |a balenie |
| 610 | 2 | 0 | |a technika obalová |
| 610 | 2 | 0 | |a nápoje alkoholické |
| 610 | 2 | 0 | |a nápoje nealkoholické |
| 610 | 2 | 0 | |a odpad |
| 100 | 1 | |a Vítek, Miloslav | |